<?xml version="1.0" encoding="UTF-8"?>
<record
    xmlns:xsi="http://www.w3.org/2001/XMLSchema-instance"
    xsi:schemaLocation="http://www.loc.gov/MARC21/slim http://www.loc.gov/standards/marcxml/schema/MARC21slim.xsd"
    xmlns="http://www.loc.gov/MARC21/slim">

  <leader>01340nac a22002891u 4500</leader>
  <datafield tag="999" ind1=" " ind2=" ">
    <subfield code="c">8113</subfield>
    <subfield code="d">8113</subfield>
  </datafield>
  <controlfield tag="003">EG-ScBUE</controlfield>
  <controlfield tag="005">20210530111621.0</controlfield>
  <controlfield tag="008">101110s1967    ua a   f      001 h ara d</controlfield>
  <datafield tag="040" ind1=" " ind2=" ">
    <subfield code="a">EG-ScBUE</subfield>
    <subfield code="b">ara</subfield>
    <subfield code="e">rda</subfield>
    <subfield code="c">EG-ScBUE</subfield>
    <subfield code="d">EG-ScBUE</subfield>
  </datafield>
  <datafield tag="082" ind1="0" ind2="4">
    <subfield code="a">398.9927</subfield>
    <subfield code="b">&#x62C; &#x646; &#x62F;</subfield>
    <subfield code="2">22</subfield>
  </datafield>
  <datafield tag="100" ind1="1" ind2=" ">
    <subfield code="a">&#x202A;&#x627;&#x644;&#x62C;&#x646;&#x62F;&#x64A;&#x60C; &#x639;&#x644;&#x64A;&#x60C;</subfield>
    <subfield code="d">1898-1973&#x60C;</subfield>
    <subfield code="e">&#x645;&#x624;&#x644;&#x641;.</subfield>
  </datafield>
  <datafield tag="245" ind1="1" ind2="0">
    <subfield code="a">&#x633;&#x62C;&#x639; &#x627;&#x644;&#x62D;&#x645;&#x627;&#x645; &#x641;&#x64A; &#x62D;&#x643;&#x645; &#x627;&#x644;&#x623;&#x645;&#x627;&#x645; :</subfield>
    <subfield code="b">&#x623;&#x645;&#x64A;&#x631; &#x627;&#x644;&#x645;&#x624;&#x645;&#x646;&#x64A;&#x646; &#x639;&#x644;&#x649; &#x628;&#x646; &#x623;&#x628;&#x649; &#x637;&#x627;&#x644;&#x628; &#x639;&#x644;&#x64A;&#x647; &#x627;&#x644;&#x633;&#x644;&#x627;&#x645; /</subfield>
    <subfield code="c">&#x62C;&#x645;&#x639; &#x648;&#x636;&#x628;&#x637; &#x648;&#x634;&#x631;&#x62D; &#x639;&#x644;&#x64A; &#x627;&#x644;&#x62C;&#x646;&#x62F;&#x64A;&#x60C; &#x645;&#x62D;&#x645;&#x62F; &#x623;&#x628;&#x648; &#x627;&#x644;&#x641;&#x636;&#x644; &#x625;&#x628;&#x631;&#x627;&#x647;&#x64A;&#x645;&#x60C; &#x645;&#x62D;&#x645;&#x62F; &#x64A;&#x648;&#x633;&#x641; &#x627;&#x644;&#x645;&#x62D;&#x62C;&#x648;&#x628;.</subfield>
  </datafield>
  <datafield tag="264" ind1=" " ind2="1">
    <subfield code="a">&#x627;&#x644;&#x642;&#x627;&#x647;&#x631;&#x629; :</subfield>
    <subfield code="b">&#x645;&#x643;&#x62A;&#x628;&#x629; &#x627;&#x644;&#x623;&#x646;&#x62C;&#x644;&#x648; &#x627;&#x644;&#x645;&#x635;&#x631;&#x64A;&#x629;&#x60C;</subfield>
    <subfield code="c">1967.</subfield>
  </datafield>
  <datafield tag="300" ind1=" " ind2=" ">
    <subfield code="a">506 &#x635;&#x641;&#x62D;&#x629; :</subfield>
    <subfield code="b">&#x625;&#x64A;&#x636;&#x627;&#x62D;&#x64A;&#x627;&#x62A; &#x61B;</subfield>
    <subfield code="c">24 &#x633;&#x645;</subfield>
  </datafield>
  <datafield tag="336" ind1=" " ind2=" ">
    <subfield code="2">rdacontent</subfield>
    <subfield code="a">&#x646;&#x635;</subfield>
    <subfield code="b">txt</subfield>
  </datafield>
  <datafield tag="337" ind1=" " ind2=" ">
    <subfield code="2">rdamedia</subfield>
    <subfield code="a">&#x628;&#x62F;&#x648;&#x646; &#x648;&#x633;&#x64A;&#x637;</subfield>
    <subfield code="b">n</subfield>
  </datafield>
  <datafield tag="338" ind1=" " ind2=" ">
    <subfield code="2">rdacarrier</subfield>
    <subfield code="a">&#x645;&#x62C;&#x644;&#x62F;</subfield>
    <subfield code="b">nc</subfield>
  </datafield>
  <datafield tag="500" ind1=" " ind2=" ">
    <subfield code="a">&#x64A;&#x634;&#x62A;&#x645;&#x644; &#x639;&#x644;&#x649; &#x643;&#x634;&#x627;&#x641;.</subfield>
  </datafield>
  <datafield tag="600" ind1="0" ind2="7">
    <subfield code="a">&#x202A;&#x639;&#x644;&#x64A; &#x628;&#x646; &#x623;&#x628;&#x64A; &#x637;&#x627;&#x644;&#x628;&#x60C; &#x202A;&#x627;&#x644;&#x62E;&#x644;&#x64A;&#x641;&#x629;&#x60C;</subfield>
    <subfield code="d">23 &#x642;.&#x647;&#x640;.-40 &#x647;&#x640;.</subfield>
    <subfield code="2">BUEsh</subfield>
  </datafield>
  <datafield tag="650" ind1=" " ind2="7">
    <subfield code="a">&#x627;&#x644;&#x623;&#x645;&#x62B;&#x627;&#x644; &#x627;&#x644;&#x639;&#x631;&#x628;&#x64A;&#x629;.</subfield>
    <subfield code="2">BUEsh</subfield>
    <subfield code="9">21184</subfield>
  </datafield>
  <datafield tag="651" ind1=" " ind2=" ">
    <subfield code="2">BUEsh</subfield>
  </datafield>
  <datafield tag="653" ind1=" " ind2=" ">
    <subfield code="b">ARALIT</subfield>
    <subfield code="c">May2021</subfield>
  </datafield>
  <datafield tag="655" ind1=" " ind2=" ">
    <subfield code="v">Reading book</subfield>
    <subfield code="9">34232</subfield>
  </datafield>
  <datafield tag="700" ind1="1" ind2=" ">
    <subfield code="a">&#x625;&#x628;&#x631;&#x627;&#x647;&#x64A;&#x645;&#x60C; &#x645;&#x62D;&#x645;&#x62F; &#x623;&#x628;&#x648; &#x627;&#x644;&#x641;&#x636;&#x644;</subfield>
    <subfield code="e">&#x62C;&#x627;&#x645;&#x639;.</subfield>
    <subfield code="9">21119</subfield>
  </datafield>
  <datafield tag="700" ind1="1" ind2=" ">
    <subfield code="a">&#x627;&#x644;&#x645;&#x62D;&#x62C;&#x648;&#x628; &#x60C; &#x645;&#x62D;&#x645;&#x62F; &#x64A;&#x648;&#x633;&#x641;&#x60C;</subfield>
    <subfield code="e">&#x62C;&#x627;&#x645;&#x639;.</subfield>
    <subfield code="9">21120</subfield>
  </datafield>
  <datafield tag="942" ind1=" " ind2=" ">
    <subfield code="c">BB</subfield>
    <subfield code="k">818.02 &#x637; &#x627; &#x644;</subfield>
    <subfield code="2">ddc</subfield>
  </datafield>
  <datafield tag="952" ind1=" " ind2=" ">
    <subfield code="0">0</subfield>
    <subfield code="1">0</subfield>
    <subfield code="2">ddc</subfield>
    <subfield code="4">0</subfield>
    <subfield code="7">0</subfield>
    <subfield code="8">Alef-Baa</subfield>
    <subfield code="a">MAIN</subfield>
    <subfield code="b">MAIN</subfield>
    <subfield code="c">2ND</subfield>
    <subfield code="d">2010-12-19</subfield>
    <subfield code="e">Purchase</subfield>
    <subfield code="o">398.9927 &#x62C; &#x646; &#x62F;</subfield>
    <subfield code="p">000010060</subfield>
    <subfield code="r">2025-07-15 00:00:00</subfield>
    <subfield code="y">BB</subfield>
  </datafield>
</record>
